| 000 | 00530nam a22001457a 4500 | ||
|---|---|---|---|
| 003 | SGT | ||
| 082 |
_a617.632 _bC23C |
||
| 100 | _aChugh, Alisha | ||
| 245 | _aComparative evaluation of calcium phosphosilicate putty and calcium phosphosilicate bone morsels in indirect sinus lift during implant placement - A Clinico- Radiographic study | ||
| 260 |
_aGurugram, Haryana _bSGT University _c2023 |
||
| 300 | _a75 | ||
| 650 | _aPeriodontology | ||
| 653 | _aPeriodontology; Osteotomes; Coronal plane; Vernier calliper | ||
| 942 |
_2ddc _cTH |
||
| 999 |
_c23714 _d23714 |
||